Introduction to General, Organic, and Biochemistry biochemistry (Record no. 480021)
[ view plain ]
| 000 -LEADER | |
|---|---|
| fixed length control field | 00773cam a2200253 4500 |
| 001 - CONTROL NUMBER | |
| control field | 1247880 |
| 003 - CONTROL NUMBER IDENTIFIER | |
| control field | ASAB |
| 005 - DATE AND TIME OF LATEST TRANSACTION | |
| control field | 20180827062620.0 |
| 008 - FIXED-LENGTH DATA ELEMENTS--GENERAL INFORMATION | |
| fixed length control field | 721122s1971 enka b 000 0 eng |
| 010 ## - LIBRARY OF CONGRESS CONTROL NUMBER | |
| LC control number | 72194504 |
| 015 ## - NATIONAL BIBLIOGRAPHY NUMBER | |
| National bibliography number | B72-04965 |
| 020 ## - INTERNATIONAL STANDARD BOOK NUMBER | |
| International Standard Book Number | 0854040161 |
| 040 ## - CATALOGING SOURCE | |
| Original cataloging agency | DLC |
| Transcribing agency | ASAB |
| Modifying agency | DLC |
| 050 00 - LIBRARY OF CONGRESS CALL NUMBER | |
| Classification number | QD1 |
| Item number | .R6785 no. 17 |
| Classification number | QP514.2 |
| 082 00 - DEWEY DECIMAL CLASSIFICATION NUMBER | |
| Classification number | 540/.8 s |
| -- | 574.1/92 |
| 100 1# - MAIN ENTRY--PERSONAL NAME | |
| Personal name | Frederick A. Bettelheim, Wiiliam H. Brown, Jerry March |
| 9 (RLIN) | 1579 |
| 245 13 - TITLE STATEMENT | |
| Title | Introduction to General, Organic, and Biochemistry biochemistry |
| Statement of responsibility, etc. | [by] Frederick A. Bettelheim. |
| 250 ## - EDITION STATEMENT | |
| Edition statement | Seventh Edition |
| 300 ## - PHYSICAL DESCRIPTION | |
| Extent | iii, 758 p. |
| Other physical details | illus. |
| Dimensions | 22 cm. |
| 350 ## - PRICE (NR) (BK AM CF MU VM SE) [OBSOLETE] | |
| Price | £0.70 |
| 650 #0 - SUBJECT ADDED ENTRY--TOPICAL TERM | |
| Topical term or geographic name entry element | Biochemistry. |
| 9 (RLIN) | 1580 |
| 906 ## - LOCAL DATA ELEMENT F, LDF (RLIN) | |
| a | 7 |
| b | cbc |
| c | orignew |
| d | 4 |
| e | ncip |
| f | 19 |
| g | y-gencatlg |
| 942 ## - ADDED ENTRY ELEMENTS (KOHA) | |
| Source of classification or shelving scheme | |
| Koha item type | Book |
| Withdrawn status | Lost status | Source of classification or shelving scheme | Damaged status | Not for loan | Collection code | Permanent Location | Current Location | Date acquired | Total Checkouts | Total Renewals | Full call number | Barcode | Date last seen | Date last checked out | Price effective from | Koha item type |
|---|---|---|---|---|---|---|---|---|---|---|---|---|---|---|---|---|
| Central Library (CL) | Central Library (CL) | 02/26/2016 | 2 | 1 | 540 BET | ASAB1882 | 08/29/2024 | 03/22/2024 | 02/26/2016 | Book |
